00831nam a2200193 i 450000100060000000300090000600500170001500700030003200800410003502000180007608000140009410000290010824501940013726001190033130000220045065000290047271000730050185200630057415498ES-MaACL20230906151107.0t|000324s1993 sp ||||1| spa d a84-87169-56-2 a316.324.81 aColomer Viadel, Antonio.13aEl retorno de Ulises a la comunidad de los libres b: manifiesto de los argonarios : una doble estrategia, iberoamericana y planetaria, de renovada supervivencia / cAntonio Colomer Viadel. aMadrid : bEdiciones Madre Tierra : bInstituto Intercultural para la Autogestión y la Acción Comunal, c1993. a154 p. ; c20 cm.14aSociedad postindustrial.2 aInstituto Intercultural para la Autogestión y la Acción Comunal. aES-MaACLjG-2112 bR.122301 q. - Ded. autógr. del autor